000
00324nam a2200133Ia 4500
008
150201s2009 xx 000 0 und d
082
_a
616.07
_b
M09M
100
_a
MUTHUPRASNNA, P
245
_a
MEDICAL LABORATORY TECHNOLOGY
250
_a
1ST
260
_b
BIRLA PUB.
_a
DELHI
_c
2009
650
_a
BIOCHEMISTRY
942
_2
ddc
_c
BK
999
_c
630
_d
630